20 Famous People from North Macedonia - Statistics

General Stats
  • This quiz has been taken 197 times
    69 since last reset
  • The average score is 8 of 20
Answer Stats
Hint Answer % Correct
All-time top scorer who played for Lazio, Inter, Napoli and Genoa Goran Pandev
92%
Singer, songwriter and actor who died in a car crash in 2007 Toše Proeski
68%
Footballer who was the winner of the European Golden Boot award in 1991 Darko Pančev
56%
Prime Minister from 2017 to 2022 with short break in 2020 Zoran Zaev
54%
President of Macedonia who died in a plane crash in 2004 Boris Trajkovski
51%
One of the best handball players of all time Kiril Lazarov
47%
First President of the Republic of Macedonia, serving from 1991 to 1999 Kiro Gligorov
47%
President of North Macedonia from 2009 to 2019 Gjorge Ivanov
42%
The singer of the band of the same name whose last name is Bukle Kaliopi
42%
Two sisters singers who both represented the country at Eurovision Song in different years Tamara Todevska
42%
Basketball player who played two seasons for Atlanta Hawks in the NBA Pero Antić
41%
Two sisters singers who both represented the country at Eurovision Song in different years Tijana Dapčević
39%
Vocalist and humanitarian, nicknamed Queen of the Gypsies Esma Redžepova
37%
Guitarist and one of the founding members of the band Leb i sol Vlatko Stefanovski
31%
Singer who represented the country at 2002 and 2007 Eurovision Song Contest Karolina Gočeva
29%
Film director whose film Before the Rain was nominated for an Academy Award Milcho Manchevski
27%
Singer who represented the country at 2006 Eurovision Song Contest Elena Risteska
24%
Lead singer of the Croatian band Parni Valjak Aki Rahimovski
22%
Model and actress who began her modelling career in 2004 Katarina Ivanovska
19%
Theater, actor, stand up comedian, presenter and showman Toni Mihajlovski
17%
No matching quizzes found
Score Distribution
Percent of People with Each Score
Percentile by Number Answered
Your Score History
You have not taken this quiz since the last reset